[Event "St Petersburg-Moscow"]
[Site "St Petersburg"]
[Date "2003.05.05"]
[Round "2"]
[White "Ivanov, Sergey"]
[Black "Vorobiov, Evgeny E"]
[Result "1-0"]
[WhiteElo "2557"]
[BlackElo "2534"]
[Annotator "Huzman,A"]
[PlyCount "59"]
[EventDate "2003.05.03"]
[EventType "team"]
[EventRounds "2"]
[EventCountry "RUS"]
[SourceTitle "CBM 095"]
[Source "ChessBase"]
[SourceDate "2003.07.25"]
[SourceVersion "1"]
[SourceVersionDate "2003.07.25"]
[SourceQuality "1"]

1. d4 d5 2. Nf3 e6 3. c4 dxc4 4. e3 Nf6 5. Bxc4 c5 6. O-O a6 7. Bb3 Nc6 8. Nc3
cxd4 9. exd4 Be7 10. Re1 O-O 11. a3 Na5 12. Bc2 b5 13. d5 exd5 (13... Nxd5 14.
Nxd5 exd5 15. Qd3 (15. Re5 d4 $1 16. Qd3 g6 (16... f5 17. Bd2 Nc4 18. Bb3 Kh8
19. Bxc4 bxc4 20. Qxc4 Bb7 21. Rae1 Bd6 22. Bg5 Qc8 23. Qxc8 Raxc8 24. Re6 Bc5
{1/2-1/2 Chasovnikova,E-Demina,J/Elista 2000/CBM 76 ext (24)}) 17. Bh6 Nc6 18.
Rxe7 Nxe7 19. Bxf8 Kxf8 20. Qxd4 Qxd4 21. Nxd4 Bb7 $11 {1/2-1/2 Yevseev,
D-Kharlov,A/Ekaterinburg 1999/CBM 75/[Huzman] (43)}) 15... g6 16. Bh6 (16. Rxe7
$5 Qxe7 17. Bh6 (17. Qc3 Nc4 18. Bh6 f6 19. Re1 Qf7 20. Bxf8 Qxf8 21. Nd4 $44)
17... Qf6 18. Bxf8 Bf5 19. Qxd5 Rd8 20. Qe5 Qxe5 21. Nxe5 {1/2-1/2 Popovic,
A-Naeter,B/IECC 2002/Telechess CBM 91 (21)}) 16... Re8 17. Qc3 f6 18. Nd4 (18.
Nh4 Kf7 19. Qg3 Rg8 20. Nf3 Nc4 21. Qf4 Re8 22. Ng5+ Kg8 23. Nxh7 Kxh7 24. Qh4
Bf5 25. Bxf5 gxf5 26. Re6 Kg6 27. Rae1 Ra7 28. Qg5+ {1-0 Nielsen,P-Bentzen,E/
DEN 1999/EXT 2001 (28)}) 18... Bb7 19. Qg3 Kh8 20. Bg7+ Kxg7 21. Ne6+ Kf7 22.
Qh3 h5 23. Bxg6+ Kxg6 24. Qg3+ {1-0 Guseinov,A-Mirzoev,A/AZE 1999/EXT 2001 (24)
}) (13... Re8 14. Bg5 (14. Qd3 g6 15. b4 Nc4 16. dxe6 Bxe6 17. Nd4 Bd5 $1 18.
Bg5 Bb7 $11 {1/2-1/2 Illescas Cordoba,M-Anand,V/Dos Hermanas 1999/CBM 71 (25)})
14... Nxd5 (14... h6 15. Bh4 Nxd5 16. Nxd5 exd5 17. Qd3 g6 18. Qe3 Be6 19. Qxh6
Bxh4 20. Bxg6 $1 $40 {1-0 Kramnik,V-Anand,V/Dos Hermanas 1999/CBM 71/[Huzman] 
(70)}) (14... Nc4 15. Nd4 Bd7 16. dxe6 fxe6 17. Qf3 Qb6 18. Nf5 exf5 19. Nd5
Bc6 20. Bxf6 Bxf6 21. Nxb6 Bxf3 22. Nxa8 Rxa8 23. gxf3 Bxb2 24. Ra2 $14 {
1-0 Kazhgaleyev,M-Jonkman,H/Lisbon 2000/EXT 2001 (39)}) 15. Nxd5 exd5 16. Qd3
g6 17. Rxe7 Rxe7 18. Qc3 (18. Bxe7 Qxe7 19. Qxd5 Bb7 20. Qd2 Nc4 21. Qc3 Bxf3
22. Qxf3 Re8 $15 {0-1 Gustafsson,J-Van den Doel,E/Deizisau 2000/EXT 2001 (45)})
18... Raa7 (18... Nb7 19. Nd4 Bd7 20. Bb3 Rc8 21. Qf3 Be6 22. g3 Nc5 23. Bxe7
Qxe7 24. Bxd5 Bxd5 25. Qxd5 $11 {1/2-1/2 Vanderstricht,G-Rytshagov,M/Bled 2002/
EXT 2003 (32)}) 19. a4 {1/2-1/2 Lerner,K-Levin,F/Recklinghausen 1999/EXT 2000 
(19)} (19. Qf6 Qf8 20. Bd2 Re6 21. Qh4 Nc6 22. Ng5 Qg7 23. Nxe6 Bxe6 $17 {
0-1 Rahman,Z-Volzhin,A/Dhaka 2001/CBM 82/[Huzman] (49)})) (13... Nc4 14. Qd3
Re8 15. a4 exd5 16. axb5 a5 17. b3 Nd6 18. Nd4 Bb7 19. f3 Rc8 20. Na4 $1 Bf8
21. Bg5 g6 22. Qd2 Rxe1+ 23. Rxe1 Nde8 24. Re2 $16 {1-0 Kasparov,G-Ivanchuk,V/
Linares 1999/CBM 70/[Huzman] (36)}) 14. Bg5 (14. Qd3 g6 (14... Bb7 15. Bg5 g6
16. Qd4 Ne4 17. Bxe7 Qxe7 18. Nxd5 Bxd5 19. Qxd5 $36 {1/2-1/2 Garza Marco,
S-Lopez Gracia,F/Zaragoza 2002/EXT 2003 (33)}) 15. Nd4 Bb7 16. Bg5 Re8 17. Nf5
gxf5 18. Qxf5 Qc8 19. Rxe7 Qxf5 20. Rxe8+ Nxe8 21. Bxf5 Nd6 22. Bd3 Nac4 $132 {
0-1 Dobrov,V-Torbin,K/Rybinsk 2000/EXT 2001 (54)}) 14... Be6 15. Nd4 Qd7 (15...
Qb6 16. Bf5 (16. Nf5 Bd8 17. Qd3 g6) 16... Bxf5 17. Nxf5 Bc5 18. Qf3 $44) (
15... h6 16. Bxf6 Bxf6 17. Qd3 Re8 18. Qh7+ Kf8 19. Nf5 g6 20. Nxh6 $18) 16. f4
(16. Qd3 $5 g6 17. Qf3 Kg7 (17... Ne4 18. Bxe7 Qxe7 19. Bxe4 dxe4 20. Nxe4 $16
(20. Rxe4 Nc4 21. Qe2 $14)) 18. Nxe6+ fxe6 19. Qh3 Ng8 20. Rxe6 $1 $36) 16...
g6 (16... Qa7 17. f5 Bc5 (17... Bc8 18. Rxe7 Qxe7 19. Nxd5 Qd6 (19... Qd8 20.
Nxf6+ gxf6 21. Bh6 Kh8 22. Bxf8 Qxf8 23. b4 (23. Be4 Bb7 24. Bxb7 Nxb7 25. Qf3
$14) 23... Nc4 24. Qf3 $16) 20. Nxf6+ gxf6 21. Bh6 Kh8 22. Bg7+ $1 Kg8 23. Qg4
$1 h5 24. Bxf8+ Kxf8 25. Qh4 $18)) 17. f5 gxf5 18. Bxf5 $5 (18. Qf3 Qa7 (18...
Ne4 19. Bxe7 Qxe7 20. Nxe4 dxe4 (20... fxe4 21. Qg3+ Kh8 22. Qe5+ Kg8 23. Re3
$18) 21. Qg3+ Kh8 22. Qe5+ f6 23. Qxe6 Qa7 $1 24. Rad1 Rad8 25. Kh1 Rxd4 26.
Qxf5 $16) 19. Be3 Ng4 20. Nxd5 (20. Nc6 Qc7 21. Nxe7+ Qxe7 22. Qg3 Nc4 23. Nxd5
Bxd5 24. Bxf5 Ncxe3 25. Bxg4 f5 26. Rxe3 Qg7 $11) 20... Bg5 $1 21. Rad1 Nxe3
22. Nxe3 $44) 18... Bxf5 19. Rxe7 Qxe7 20. Nxf5 (20. Nxd5 Nxd5 21. Bxe7 Nxe7
$17) 20... Qe5 {The underprotected black K promises White a lot of
compensation for the exchange. Yet, by being precise in defence, Black seems
to be able to fend off White's onslaught.} 21. Qf3 Rae8 $6 (21... Nc4 22. Rf1
Kh8 23. b3 Ne4 $1 24. Nxe4 dxe4 25. Qf4 $1 f6 26. bxc4 Qxf4 27. Bxf4 bxc4 28.
Nd6 $14) (21... Nc6 $1 22. Rf1 Kh8 23. Bh4 Ne4 24. Nxe4 dxe4 25. Qxe4 Qe6 26.
Qf4 $44) 22. Rf1 (22. Bh6 $5 Re6 23. Bxf8 Kxf8 24. Rd1 Nc4 25. Nxd5 Nxb2 26.
Nxf6 Qxf6 27. Rf1 $44) 22... Re6 $2 (22... Kh8 23. Qg3 (23. Bh4 Nd7 24. Bg3 Qe6
25. Nxd5 Ne5) 23... Ng8) 23. Qh3 $1 {[%csl Re5][%cal Gg5f4,Gf4e5]} Ne4 (23...
Nc4 24. Bf4 $18) (23... Ne8 24. Bf4 Qf6 25. Nxd5 Qd8 26. Bh6 (26. Nh6+ Kg7 (
26... Kh8 27. Nxf7+ Rxf7 28. Qxe6 $18) 27. Qc3+ f6 28. Nc7 $1 Re2 (28... Nxc7
29. Bxc7 Qd5 30. Nf5+ Kh8 31. Bxa5 $16) 29. Nf5+ Kh8 30. Nd4 Nc4 31. Nxe2 Nxc7
$16) 26... Nc6 (26... Qxd5 27. Qg3+ Rg6 28. Ne7+ Kh8 29. Qc3+ $18) 27. Bxf8
Qxd5 28. Nh6+ Kh8 29. Nxf7+ Kg8 30. Ng5 Rf6 31. Qxh7+ Kxf8 32. Rxf6+ Nxf6 33.
Qh6+ Ke8 34. Qg6+ Kd7 35. Qg7+ Ne7 36. Qxf6 $18) (23... Nd7 $142 24. Bf4 Qf6
25. Nxd5 Qxb2 26. Qg3+ Rg6 27. Nfe7+ Kh8 (27... Kg7 28. Bh6+ $1 Kxh6 29. Nf5+
Kh5 30. Qh4#) 28. Nxg6+ fxg6 (28... hxg6 29. Qh3+ Kg8 30. Ne7+ Kg7 31. Bh6+ Kh8
32. Bxf8#) 29. Be5+ Nxe5 30. Rxf8+ Kg7 31. Rf1 Qd4+ 32. Qf2 $16) 24. Bf4 $1 Qf6
25. Nxd5 Qxb2 (25... Qd8 26. Qg4+ Rg6 27. Nfe7+ Kh8 (27... Kg7 28. Bh6+ $1 Kxh6
29. Nf5#) 28. Qf5 $1 $18) 26. Bh6 Rfe8 (26... Nc6 27. Qg4+ Rg6 28. Nde7+ Nxe7
29. Nxe7+ Kh8 30. Nxg6+ hxg6 31. Qxe4 $18 (31. Bxf8 $4 Qd4+ 32. Kh1 Nf2+ $19))
27. Qg4+ Rg6 28. Nde7+ Kh8 29. Qxe4 (29. Nxg6+ hxg6 30. Bg7+ $18) 29... Rxe7 (
29... Rgg8 30. Be3 f6 31. Bd4 $18) 30. Nxe7 (30. Nxe7 Rxh6 31. Qa8+ Kg7 32.
Qg8#) 1-0

[Event "UKR-ch"]
[Site "Ordzhonikidze"]
[Date "2001.09.16"]
[Round "9"]
[White "Zubarev, Alexander2"]
[Black "Savon, Vladimir A"]
[Result "1-0"]
[WhiteElo "2470"]
[BlackElo "2449"]
[Annotator "Huzman,A"]
[PlyCount "53"]
[EventDate "2001.09.08"]
[EventType "swiss"]
[EventRounds "9"]
[EventCountry "UKR"]
[SourceTitle "CBM 086"]
[Source "ChessBase"]
[SourceDate "2002.02.05"]
[SourceVersion "1"]
[SourceVersionDate "2002.02.05"]
[SourceQuality "1"]

1. Nf3 {Huzman} d5 2. d4 Nf6 3. c4 dxc4 4. e3 e6 5. Bxc4 c5 6. O-O a6 7. dxc5
Bxc5 8. Qxd8+ Kxd8 9. Ne5 Ke7 10. Be2 $1 Nbd7 11. Nd3 Bd6 12. Nd2 b5 13. Nb3
Nb6 $6 ({Black underestimates next move of White.} 13... Bb7 $142 14. Na5 Bd5
15. f3 Rac8 16. e4 Ba8 17. Be3 $14) 14. Na5 $1 Bd7 15. Nb7 $1 $16 {Blacksquare
B is very important in this kind of position and exchange is big achievment of
White.} Rhc8 16. Nxd6 Kxd6 17. f3 $1 Be8 18. e4 Nfd7 19. Rd1 Ke7 20. b3 $1 {
[%csl Rb6]} f6 21. Be3 Rc7 22. Rac1 Rxc1 (22... Rac8 23. Rxc7 (23. Nb4 Rxc1 24.
Rxc1 Rxc1+ 25. Bxc1 Nc5 $14) 23... Rxc7 24. Nb4 a5 25. Na6 Rc3 (25... Rc2 26.
Bxb5 Rxa2 27. Nc7 Bg6 28. Na8 $1 $18) 26. Kf2 b4 27. Rc1 $16) 23. Rxc1 Nc8 $2 (
23... Rc8 $142 24. Rxc8 Nxc8 25. Nb4 Nb8 26. Bc5+ $16) 24. Nb4 Nd6 25. Rc7 $18
a5 (25... Kd8 26. Rc6 (26. Ra7 Rxa7 27. Bxa7 Kc7 28. Nxa6+ Kb7 29. Bc5 Nxe4 30.
Bxb5 Nc3 31. Bxd7 Bxd7 32. Nb4 $16) 26... a5 27. Rxd6 axb4 28. Rd2 Rb8 29. Bc5
$18) 26. Nc6+ Kf7 (26... Kf8 27. Nd4 $18) 27. Bc5 1-0

[Event "NED-ch56"]
[Site "Leeuwarden"]
[Date "2001.06.24"]
[Round "4"]
[White "Piket, Jeroen"]
[Black "Van den Doel, Erik"]
[Result "0-1"]
[WhiteElo "2628"]
[BlackElo "2574"]
[Annotator "Huzman,A"]
[PlyCount "122"]
[EventDate "2001.06.20"]
[EventType "tourn"]
[EventRounds "9"]
[EventCountry "NED"]
[EventCategory "12"]
[SourceTitle "CBM 084"]
[Source "ChessBase"]
[SourceDate "2001.09.13"]
[SourceVersion "1"]
[SourceVersionDate "2001.09.13"]
[SourceQuality "1"]

1. d4 d5 2. c4 dxc4 3. Nf3 c5 4. e3 e6 5. Bxc4 a6 6. O-O Nf6 7. a4 Nc6 8. Qe2
cxd4 9. Rd1 Be7 10. exd4 O-O 11. Nc3 Nd5 12. Bd3 Ncb4 13. Bb1 b6 14. Ne5 Bb7
15. Ra3 Rc8 16. Nxd5 (16. a5 b5 17. Ne4 f5 18. Nc5 Bxc5 19. dxc5 Rxc5 20. Rg3
Rc7 21. Bg5 Qc8 22. Qh5 Qe8 23. Qh4 Nc6 24. Nf3 Nb8 25. Rh3 Nf6 26. Bxf6 $15 {
Gligoric,S-Portisch,L/Pula/1971/0-1 (39)}) (16. Ne4 {van der Wiel}) 16... Qxd5
17. Bxh7+ (17. Rg3 Bf6 18. Bg5 Bxg5 19. Rxg5 f5 20. h4 Nc6 21. Nf3 Rc7 22. Re1
Bc8 23. Qd2 Rd8 24. Be4 Qa5 25. Qxa5 Nxa5 26. Bb1 $15 {Tregubov,P-Salakhova,G/
Czestochowa op (01)/1992/0.5 (44)}) 17... Kxh7 18. Qh5+ Kg8 19. Rg3 Rxc1 (19...
g6 20. Qh6 $40) (19... Bf6 20. Ng4 $1) 20. Rxc1 (20. Rxg7+ Kxg7 21. Qg4+ {
1/2-1/2 Lauber,A-Volzhin,A/Gyula HUN 2000/ (21)} (21. Qg4+ {Ftacnik} Kh6 22.
Qh3+ {1/2-1/2 Avrukh,B-Sadler,M/Budapest 1993/CBM 38/[Ftacnik] (22)})) 20...
Bf6 $146 (20... Bd6 21. Qg4 Bxe5 22. dxe5 g6 23. Qxb4 $18 {1-0 Mirkovic,
S-Djukic,Z/Kladovo 1992/EXT 97 (32)}) (20... Qe4 $5 21. Qh6 g6 (21... Qh7 22.
Qxh7+ Kxh7 23. Rc7 Rc8 24. Rgc3 $18) 22. h4 (22. Rg4 Qf5) (22. Nxg6 fxg6 23.
Rxg6+ Kf7 $17) 22... Qxh4 23. Nxf7 Qxh6 24. Nxh6+ Kg7 25. Ng4 Bd6 26. Ne5 Be4
$15) 21. Ng4 (21. Qh6 Bxe5 22. dxe5 Qxe5 $17) 21... Qg5 {White has to comply
with a "queen against three light pieces" position. I believe that in this
case Black's chances are slightly better.} 22. Rc7 (22. Nh6+ gxh6 23. Qxh6 Qxg3
24. hxg3 Nd5 (24... Bg7 $5) 25. Qd2 a5 $15) 22... Be4 23. h4 (23. Nh6+ gxh6 24.
Qxh6 Qxg3 25. hxg3 Nd5 $11) 23... Qxh4 24. Nxf6+ (24. Nh6+ Kh7 $17) (24. Rxf7
$2 Qxh5 25. Nxf6+ Kxf7 26. Nxh5 g6 $19) 24... Qxf6 25. Rh3 g5 $17 26. Rg3 Bg6
27. Qxg5 Qxg5 28. Rxg5 Rd8 (28... Nd5 $1 $19) 29. a5 b5 (29... bxa5 $5) 30. Rg4
Kg7 (30... Rd5 $142) 31. d5 $1 Nxd5 32. Rc6 Nf6 33. Rg3 Ra8 (33... Ne4 $1 34.
Rf3 (34. Rb3 Rd6 $1 35. Rb6 $1 Rd1+ 36. Kh2 Rd2 37. f3 Nc5 $17) 34... Rd1+ 35.
Kh2 Rd2 36. Rxa6 Rxb2 $17) 34. Rgc3 b4 (34... Nd5 $142 35. R3c5 b4 $17) 35.
R3c4 Nd5 {[%cal Yg6d3]} 36. Rd4 $1 Kf8 37. g4 Ke7 38. f4 $1 Kd7 39. Rcc4 Rb8
40. f5 $132 {[%csl Rg6]} Bh7 41. Rd2 f6 42. fxe6+ Kxe6 43. Rc6+ Ke5 44. Re2+ (
44. Rxa6 Rg8 45. Kf1 Rxg4 46. Ra8 Be4 47. Re8+ Kf4 $40) 44... Kd4 (44... Be4
45. Rc4 f5 46. gxf5 Rg8+ 47. Kf1 Rg4 48. f6 $132) 45. Rd2+ Bd3 46. Rd6 (46.
Rxa6 Ke3 $19) 46... Rg8 $1 (46... Rb5 47. Rxa6 Ke3 (47... Rc5 48. Kf2 b3 49.
Ra8 Rc2 50. Ke1 Nf4 51. Kd1 Rc5) 48. Rd1 Nf4 $36) 47. Rxd5+ (47. Kf2 Rxg4 48.
Rxa6 Rf4+ 49. Kg3 Ke3 50. Rxd3+ Kxd3 51. Rd6 Rd4 52. a6 Nc7 $19) 47... Kxd5 48.
Rxd3+ Kc4 49. Rg3 f5 50. g5 f4 51. Rg2 (51. Rg4 Kb3) 51... Kb3 52. g6 Ka2 $1 (
52... f3 53. Rg4 $1) (52... Rg7 53. Kf2) 53. Kf2 (53. g7 f3 54. Rg4 b3 $19)
53... Kxb2 54. Kf3+ Ka3 55. Kxf4 b3 56. Kf5 b2 57. Rg1 Ka2 58. Kf6 b1=Q 59.
Rxb1 Kxb1 60. g7 Kb2 61. Kf7 Ra8 (61... Ra8 62. g8=Q Rxg8 63. Kxg8 Kb3 64. Kf7
Kb4 65. Ke6 Kxa5 66. Kd5 Kb4 $19) (61... Rxg7+ 62. Kxg7 Kb3 63. Kf6 Kb4 64. Ke5
Kxa5 65. Kd4 Kb4 $19) 0-1

[Event "HUN-ch 53rd"]
[Site "Heviz"]
[Date "2003.05.18"]
[Round "7"]
[White "Portisch, Lajos"]
[Black "Acs, Peter"]
[Result "1/2-1/2"]
[WhiteElo "2583"]
[BlackElo "2600"]
[Annotator "Huzman,A"]
[PlyCount "116"]
[EventDate "2003.05.12"]
[EventType "tourn"]
[EventRounds "9"]
[EventCountry "HUN"]
[EventCategory "13"]
[SourceTitle "CBM 096"]
[Source "ChessBase"]
[SourceDate "2003.09.25"]
[SourceVersion "1"]
[SourceVersionDate "2003.09.25"]
[SourceQuality "1"]

1. d4 Nf6 (1... d5 2. c4 c6 3. Nc3 Nf6 4. Nf3 e6 5. e3 Nbd7 6. Bd3 dxc4 7. Bxc4
b5 8. Be2 a6 9. O-O c5 $5 10. d5 $5 $146 exd5 11. Nxd5 Bb7 12. Nxf6+ (12. e4
Nxd5 13. exd5 Be7 14. a4 b4 15. Qc2 O-O 16. Rd1 Bf6 17. Bf4 Rc8 18. Rac1 Re8
$13 {0-1 Hoang Thanh Trang-Zhukova,N/Shenyang 2000/CBM 79 (46)}) 12... Qxf6 $5
13. a4 b4 (13... Qb6 14. b3 Be7 15. axb5 axb5 16. Rxa8+ Bxa8 17. Bb2 f6 18. Nh4
g6 19. Bf3 Bxf3 20. Qxf3 Qe6 21. e4 O-O 22. Rc1 Ne5 23. Qe3 Rd8 $15 {1/2-1/2
Sultangareev,M-Yagupov,I/Bor 2000/EXT 2001 (43)}) 14. e4 $1 h6 (14... Bd6 15.
Bg5 Qg6 16. Qd2 h6 17. Rfd1 hxg5 18. Qxd6 Qxd6 19. Rxd6 Rh6 {1/2-1/2 Kaufman,
L-Ippolito,D/Hampstead 1998/EXT 99 (19)}) 15. Bc4 Nb6 16. e5 $5 Qg6 17. Bd3 Qe6
$5 18. a5 Nd7 19. b3 Be7 20. Bc4 Qc6 21. Bb2 Nf8 $1 22. Ne1 Ne6 23. f4 Qe4 24.
Qd3 Qxd3 25. Nxd3 g6 26. Rac1 Rd8 $1 $11 {1/2-1/2 Piket,J-Kaidanov,G/Groningen
1993/CBM 39/[Belov] (32)}) 2. c4 e6 3. Nf3 d5 4. Nc3 dxc4 5. e3 a6 6. Bxc4 c5
7. O-O b5 8. Be2 Nbd7 9. d5 exd5 10. Nxd5 Bb7 11. Nxf6+ Nxf6 $146 12. a4 b4 (
12... c4 13. axb5 axb5 14. Rxa8 Qxa8 (14... Bxa8 15. Qxd8+ Kxd8 16. Nd4 $16)
15. b3 $16) (12... Qxd1 13. Rxd1 b4 14. Ne5 $16) 13. Nd2 Be7 14. Bf3 (14. Nc4
$5 O-O 15. f3 $14) 14... Bxf3 15. Qxf3 O-O 16. Qe2 $16 (16. Nc4 $6 Qd3 17. Ne5
Qd6 18. Nc4 $11) 16... Qd5 17. Nc4 Rad8 $132 {[%cal Yd8d1]} 18. Bd2 (18. f3 $5
Qd3 19. Qxd3 Rxd3 20. e4 Rfd8 21. Be3 Nd7 22. Rfd1 Ne5 23. Rxd3 Rxd3 24. Nxe5
Rxe3 25. Kf2 Rb3 26. Nc4 Rd3 27. Ke2 $16) 18... Qd3 19. Qxd3 Rxd3 20. Rfc1 Ne4
21. Be1 Bf6 {[%cal Ye4d6,Yf6b2]} 22. Rd1 Rfd8 23. Rxd3 Rxd3 24. Rc1 $16 {
[%cal Gg1f1,Gf1e2]} Nd6 $5 {Black has to accept a pawn loss because otherwise
- after the white K reaches "e2" - Black's whole Q-side might have collapsed.}
25. Nxd6 Rxd6 26. Rxc5 h6 27. Kf1 Rd1 28. Ke2 Rb1 29. Bxb4 Rxb2+ 30. Bd2 Be7
31. Rc8+ Kh7 32. Rc4 $6 (32. Kd3 $5 Ra2 33. Rc7 Bf6 34. a5 Ra3+ 35. Ke2 Ra2 36.
Rxf7 Bc3 37. Rd7 Bxa5 38. e4 $16) 32... Ra2 33. g4 $6 Bd8 {[%cal Yd8a5]} 34.
Kd3 Ra3+ 35. Kc2 (35. Ke4 Ra2 $132) 35... Ra2+ 36. Kc1 Ra1+ 37. Kb2 Rf1 (37...
Bf6+ 38. Bc3 $16) (37... Rh1 $1 $11) 38. Rf4 Kg8 39. Kb3 $2 (39. Rf5 Bh4 40. f4
Rf2 41. Kc3 Rxh2 42. Ra5 Rg2 43. Rxa6 Rxg4 44. a5 $16) 39... Bc7 40. Rf5 Bxh2
41. Kb4 g6 $11 42. Rd5 Rxf2 43. Rd8+ Kh7 (43... Kg7 44. Bc3+ f6 45. Rd7+ Kf8
46. Ra7 $11) 44. Bc3 f6 45. Rd7+ Kg8 46. Ka5 h5 47. gxh5 gxh5 48. Kxa6 h4 49.
Kb5 (49. Be1 Ra2 50. Rd4 h3 51. Rh4 $11) 49... Bg1 (49... h3 50. Rd1 $11) 50.
Rd1 (50. Rd4 Rf5+ 51. Kc4 Bf2 $15) 50... Rf5+ 51. Kc4 Bxe3 52. Rh1 Rf4+ (52...
Bf2 53. a5 $132) 53. Kd3 Ba7 (53... Bf2 54. Ke2 Kf7 55. a5 Bg3 56. a6 Rf2+ 57.
Ke3 Ra2 58. Ra1 Bf2+ 59. Kf3 Rxa1 (59... Rc2 60. Bxf6 Kxf6 61. a7 $11) 60. Bxa1
$11) 54. Be1 Rxa4 55. Rxh4 Ra3+ 56. Bc3 Bb8 57. Kc2 Kg7 58. Rb4 Bd6 1/2-1/2

[Event "Hastings 0102 77th"]
[Site "Hastings"]
[Date "2002.12.31"]
[Round "3"]
[White "Hebden, Mark"]
[Black "Krush, Irina"]
[Result "1/2-1/2"]
[WhiteElo "2567"]
[BlackElo "2411"]
[Annotator "Huzman,A"]
[PlyCount "71"]
[EventDate "2001.12.29"]
[EventType "tourn"]
[EventRounds "9"]
[EventCountry "ENG"]
[EventCategory "11"]
[SourceTitle "CBM 087"]
[Source "ChessBase"]
[SourceDate "2002.03.21"]
[SourceVersion "1"]
[SourceVersionDate "2002.03.21"]
[SourceQuality "1"]

1. d4 d5 2. c4 dxc4 3. Nf3 Nf6 4. e3 e6 5. Bxc4 c5 6. O-O a6 7. e4 b5 8. Bd3
Bb7 9. Re1 Be7 10. Bg5 (10. a4 b4 (10... bxa4 11. Nc3 cxd4 12. Nxd4 O-O 13. e5
Nd5 14. Qg4 g6 15. Bh6 Nxc3 16. Bxf8 Bxf8 17. bxc3 Nd7 18. Nxe6 fxe6 19. Qxe6+
Kh8 20. Bc4 Bg7 21. Rad1 Qg5 22. Bd5 Nc5 23. Qb6 Bxd5 24. Rxd5 Nb3 25. h4 Qxh4
26. e6 Bf6 27. g3 Qc4 28. e7 Qxc3 29. e8=Q+ $18 {1-0 Forintos-Meleguegyi/
Boedapest 1966 (35)}) 11. Nbd2 {1/2-1/2 Aleksandrov,A-Ponomariov,R/Kramatorsk
UKR 2001/ (11)}) 10... h6 (10... cxd4 11. Nxd4 Nc6 12. Nxc6 Bxc6 13. Qe2 h6 14.
Bh4 O-O 15. Nd2 Nd7 16. Bxe7 Qxe7 17. Rac1 Rac8 {1/2-1/2 Molenbroek,H-Sprenger,
E/NLD-ch05 corr7476 1974/CR97-74 (17)}) 11. Bxf6 Bxf6 (11... gxf6 12. d5 $1
exd5 13. exd5 Bxd5 14. Nc3 $44) 12. e5 Be7 13. dxc5 Bxc5 14. Nc3 O-O (14... Nc6
15. Ne4 (15. a4 bxa4 16. Rxa4 O-O 17. Qe2 $36) 15... Bb4 16. Re2 Qb8) 15. Rc1 (
15. Ne4 Nd7 16. Rc1 Rc8 $11) 15... Nc6 (15... Nd7 16. Be4 Rb8 17. Bxb7 Rxb7 18.
Ne4 $14) 16. Qe2 (16. Ne4 Bb4 17. Re3 Qb6 $11) 16... Nd4 $1 17. Nxd4 Bxd4 $15
18. Be4 Bxe4 19. Qxe4 Qb6 20. Nd1 Rac8 (20... Rad8 $5 $17 {[%cal Yd8d5]}) 21.
Rxc8 Rxc8 22. g3 Rd8 23. Kg2 Qa5 $17 24. Re2 (24. a3 Qd2 25. Qe2 Qxe2 26. Rxe2
Bxe5 $17) 24... Qxa2 (24... Bxe5 25. Qxe5 Rxd1 $17) 25. Rd2 Qd5 26. Nc3 Qxe4+
27. Nxe4 a5 (27... Rd5 28. f4 a5 $17) 28. f4 Bb6 29. Rc2 Rb8 (29... a4 30. Nd6
b4 31. Rc4 $132) 30. Nd6 b4 31. b3 $15 a4 32. bxa4 b3 33. Rb2 Bd4 34. Rb1 Rb4
35. Nb5 $11 b2 36. Nxd4 1/2-1/2

[Event "Hastings 0102 77th"]
[Site "Hastings"]
[Date "2002.01.02"]
[Round "5"]
[White "Hebden, Mark"]
[Black "Sasikiran, Krishnan"]
[Result "1/2-1/2"]
[WhiteElo "2567"]
[BlackElo "2569"]
[Annotator "Huzman,A"]
[PlyCount "38"]
[EventDate "2001.12.29"]
[EventType "tourn"]
[EventRounds "9"]
[EventCountry "ENG"]
[EventCategory "11"]
[SourceTitle "CBM 087"]
[Source "ChessBase"]
[SourceDate "2002.03.21"]
[SourceVersion "1"]
[SourceVersionDate "2002.03.21"]
[SourceQuality "1"]

1. d4 d5 2. c4 dxc4 3. Nf3 Nf6 4. e3 e6 5. Bxc4 c5 6. O-O a6 7. a4 Nc6 8. Nc3
cxd4 9. exd4 Be7 10. Re1 O-O 11. Bg5 Nb4 12. Qe2 b6 13. Rad1 Ra7 14. Ne5 Nfd5 (
14... Rc7 15. h4 Nfd5 16. Bxd5 Nxd5 17. Bxe7 Nxc3 18. bxc3 Qxe7 19. Rd3 Bb7 20.
Qb2 Qd6 21. Rg3 f6 22. Ng4 Bd5 23. Ne3 Be4 24. Nc4 Rxc4 25. Rxe4 Rxa4 26. h5
$44 {1-0 Timanin,B-Shabtai,R/Ramat Hasharon 1993/EXT 98 (38)}) 15. Bd2 (15.
Bxe7 Rxe7 16. Bxd5 exd5 $11 {[%cal Yf7f6]}) 15... Rc7 {[%cal Yc8b7]} 16. Nxd5
exd5 17. Bb3 Be6 (17... Nc2 18. Bxc2 Rxc2 19. Rc1 (19. Nc6 Rxc6 20. Qxe7 $11)
19... Rxc1 20. Bxc1 Bd6 $14 {/=}) 18. Rc1 Bd6 19. h3 a5 (19... a5 20. Rxc7 Bxc7
(20... Qxc7 21. Rc1 Qd8 {[%cal Yf8e8]} (21... Qe7 22. Bxb4 Bxb4 23. Qb5 $36)
22. Nc6 Nxc6 23. Rxc6 $16) 21. Bxb4 axb4 22. Qb5 Qd6 23. Rc1 $36) (19... Re8
$142) 1/2-1/2

[Event "RUS Cup final 5th"]
[Site "Kazan"]
[Date "2001.10.07"]
[Round "6"]
[White "Galliamova, Alisa"]
[Black "Vaulin, Alexander"]
[Result "0-1"]
[WhiteElo "2547"]
[BlackElo "2545"]
[Annotator "Huzman,A"]
[PlyCount "130"]
[EventDate "2001.10.02"]
[EventType "tourn"]
[EventRounds "11"]
[EventCountry "RUS"]
[EventCategory "12"]
[SourceTitle "CBM 086"]
[Source "ChessBase"]
[SourceDate "2002.02.05"]
[SourceVersion "1"]
[SourceVersionDate "2002.02.05"]
[SourceQuality "1"]

1. d4 d5 2. c4 dxc4 3. Nf3 a6 4. e3 e6 5. Bxc4 c5 6. O-O Nf6 7. Bb3 Nc6 8. Nc3
Be7 9. dxc5 Qxd1 10. Rxd1 Bxc5 11. Bd2 Bd7 12. Rac1 Ba7 13. Ng5 Ke7 (13... O-O
14. Nce4 Nxe4 15. Nxe4 Rad8 16. Nc5 Bxc5 17. Rxc5 Bc8 18. Kf1 Rd6 19. Bc3 $14 {
1/2-1/2 Dydyshko,V-Kasparov,S/Minsk 2000 (40)}) 14. Nce4 Nxe4 15. Nxe4 Rhd8 16.
Nc5 Bxc5 17. Rxc5 $14 f6 $1 {[%cal Yd7e8,Ye8g6,Ye6e5]} 18. f4 (18. Bc2 $142 h6
19. Be1 e5 20. Be4 Rac8 21. Rdc1 $14) 18... Be8 19. g4 Bg6 20. Kf2 Be4 $11 21.
Rh5 $6 Bg6 22. Rh3 (22. Rc5 $142 $11) 22... a5 $1 23. Bc3 b5 $36 24. Rc1 Rac8
25. a3 Be4 26. Rh5 {[%cal Gh5a5]} e5 $1 27. g5 $1 Bg6 (27... b4 28. axb4 axb4
29. Be1 $11) 28. gxf6+ gxf6 29. Rh4 exf4 $6 30. exf4 $1 {[%cal Gc1e1]} (30.
Rxf4 Ne5 31. Kg3 Rd3 $36) 30... Nd4 31. Re1+ Kf8 32. f5 $1 {White put Rh4 into
the game.} Nxf5 33. Rf4 Rc6 34. Bxa5 $14 Rd4 $1 35. Bb4+ Kg7 36. Rxd4 (36. Rfe4
$5) 36... Nxd4 37. Re7+ Kh6 38. Bd1 $2 (38. Bd2+ Kh5 39. Bd1+ Kh4 40. Rd7 $16)
38... Bc2 $1 39. Bd2+ Kg6 40. Bg4 Bf5 41. Bd1 Bc2 42. Bg4 h5 $2 (42... Bf5 $11)
43. Bh3 $2 (43. Bd7 Rd6 44. Be8+ Kf5 45. Be3 $16 {[%csl Rb5,Rh5]}) 43... Bf5
$11 44. Bxf5+ (44. Bc3 Bxh3 45. Bxd4 $11) 44... Nxf5 45. Re2 Nd6 46. Bb4 Kf5
47. Ke3 Ne4 48. Rg2 h4 49. Rg8 Re6 50. Kd4 Re5 51. Rg1 Ng5 $1 52. Rf1+ Kg4 53.
Rxf6 Re2 $132 54. Kc3 Rxh2 55. Rf4+ $4 {[%mdl 8192]} (55. Rb6 $142) 55... Kxf4
56. Bd6+ Kf3 57. Bxh2 Kg2 58. Bc7 Ne4+ 59. Kb4 Ng3 $19 60. Kxb5 h3 61. Bxg3
Kxg3 62. a4 h2 63. a5 h1=Q 64. a6 Kf4 65. Kb6 Ke4 0-1